000 00579nam a2200169 i 4500
001 147039
003 ES-MaACL
005 20230906201758.0
007 t|
008 070920s1958 sp ||||1| spa d
100 1 _aTschebotarioff, Gregory P.
_9111601
245 1 0 _aMecánica del suelo
_b: cimientos y estructuras de tierra /
_cGregory P. Tschebotarioff ; traducción del inglés por Manuel S. Andreu Medall.
260 _aMadrid :
_bAguilar,
_c1958.
300 _aXXVII, 642 p. ;
_c22 cm.
700 1 _aAndreu Medall, Manuel.
_921645
852 _aES-MaACL
_jC-14200
_bR.42090
999 _c147039
_d147039